<?xml version="1.0" encoding="UTF-8"?>
<record
    xmlns:xsi="http://www.w3.org/2001/XMLSchema-instance"
    xsi:schemaLocation="http://www.loc.gov/MARC21/slim http://www.loc.gov/standards/marcxml/schema/MARC21slim.xsd"
    xmlns="http://www.loc.gov/MARC21/slim">

  <leader>01084nam a22001817a 4500</leader>
  <controlfield tag="003">IT-RoPau</controlfield>
  <controlfield tag="005">20220918181105.0</controlfield>
  <controlfield tag="008">130515b        xxu||||| |||| 00| 0 eng d</controlfield>
  <datafield tag="040" ind1=" " ind2=" ">
    <subfield code="c">IT-RoPau</subfield>
  </datafield>
  <datafield tag="100" ind1=" " ind2=" ">
    <subfield code="a">Centro di Promozione e Formazione</subfield>
    <subfield code="9">550</subfield>
  </datafield>
  <datafield tag="245" ind1=" " ind2=" ">
    <subfield code="a">la vita comunitaria nella Bibbia. Riflessioni sul linguaggio che la esprime </subfield>
  </datafield>
  <datafield tag="250" ind1=" " ind2=" ">
    <subfield code="a">1&#xB0; ed</subfield>
  </datafield>
  <datafield tag="260" ind1=" " ind2=" ">
    <subfield code="a">Roma</subfield>
    <subfield code="b">SSP</subfield>
    <subfield code="c">1984</subfield>
  </datafield>
  <datafield tag="300" ind1=" " ind2=" ">
    <subfield code="a">19 pp.</subfield>
    <subfield code="c">30 cm</subfield>
  </datafield>
  <datafield tag="490" ind1=" " ind2=" ">
    <subfield code="a">Il Religioso paolino nella sua comunit&#xE0;</subfield>
    <subfield code="v">13&#xB0; Vol.</subfield>
  </datafield>
  <datafield tag="520" ind1=" " ind2=" ">
    <subfield code="a">Indice

Presentazione
Premessa
1. la comunit&#xE0; nell'Antico Testamento
a) Cos'&#xE9; la comunit&#xE0; di Israele?
b) Chi &#xE8; l'uomo che forma la comunit&#xE0;?
2. Il vocabolario della comunit&#xE0;
a) Entrare - uscire
b) Alzarsi - sedersi
c) Giorno - notte; ora - Sempre
d) Di generazione in generazione
3. Il vocabolario dello "stupore" e della "lode"
A. Com'&#xE9; bello che i fratelli formino comunit&#xE0; (Sl 133,1)
B. Cos'&#xE9; l'uomo perch&#xE8; tu, o Dio, ti ricordi (Sl 8,5)
C. Annunzier&#xF2; il tuo nome ai fratelli (Sl 22,23)
Conclusione
Indice 
Quaderni pubblicati della stessa serie</subfield>
  </datafield>
  <datafield tag="942" ind1=" " ind2=" ">
    <subfield code="2">ddc</subfield>
    <subfield code="c">BK</subfield>
  </datafield>
  <datafield tag="999" ind1=" " ind2=" ">
    <subfield code="c">98535</subfield>
    <subfield code="d">98535</subfield>
  </datafield>
  <datafield tag="952" ind1=" " ind2=" ">
    <subfield code="0">0</subfield>
    <subfield code="1">0</subfield>
    <subfield code="2">ddc</subfield>
    <subfield code="4">0</subfield>
    <subfield code="6">P_D2</subfield>
    <subfield code="7">1</subfield>
    <subfield code="a">PAULUS</subfield>
    <subfield code="b">PAULUS</subfield>
    <subfield code="d">2013-05-15</subfield>
    <subfield code="l">0</subfield>
    <subfield code="o">P D2</subfield>
    <subfield code="p">SpFP 8</subfield>
    <subfield code="r">2013-05-15 00:00:00</subfield>
    <subfield code="w">2013-05-15</subfield>
    <subfield code="y">BK</subfield>
  </datafield>
  <datafield tag="952" ind1=" " ind2=" ">
    <subfield code="0">0</subfield>
    <subfield code="1">0</subfield>
    <subfield code="2">ddc</subfield>
    <subfield code="4">0</subfield>
    <subfield code="6">P_D2</subfield>
    <subfield code="7">1</subfield>
    <subfield code="a">PAULUS</subfield>
    <subfield code="b">PAULUS</subfield>
    <subfield code="d">2013-05-15</subfield>
    <subfield code="l">0</subfield>
    <subfield code="o">P D2</subfield>
    <subfield code="r">2013-05-15 00:00:00</subfield>
    <subfield code="w">2013-05-15</subfield>
    <subfield code="y">BK</subfield>
  </datafield>
</record>
